000
00475nam a2200181Ia 4500
008
100917s9999 xx 000 0 und d
082
_b
10229
100
_a
साठे शं. गो.
245
_a
पहाटेची चाहूल
260
_b
---
300
_a
97
365
_b
2
520
_a
नाटक
630
_a
पहाटेची चाहूल
650
_a
नाटक
730
_a
पहाटेची चाहूल
942
_c
BOOK
999
_c
615623
_d
615620